书目信息 |
| 题名: |
历史唯物主义理论
|
|
| 作者: | 布哈林 著 | |
| 分册: | ||
| 出版信息: | 北京 人民出版社 1983.04 |
|
| 页数: | 370页 | |
| 开本: | 20cm | |
| 丛书名: | ||
| 单 册: | ||
| 中图分类: | B03 | |
| 科图分类: | ||
| 主题词: | 历史唯物主义 | |
| 电子资源: | ||
| ISBN: | ||
| 000 | 00690nam0 2200205 45 | |
| 001 | 0206170939 | |
| 005 | 20060813081816.42 | |
| 010 | @dCNY1.20 | |
| 091 | @a2001.227 | |
| 100 | @a20020617d1983 km y0chiy0120 ea | |
| 101 | 0 | @achi@crus |
| 200 | 1 | @a历史唯物主义理论@ALi Shi Wei Wu Zhu Yi Li Lun@e马克思主义社会学通俗教材@EMa Ke Si Zhu Yi She Hui Xue Tong Su Jiao Cai@f(苏)尼·布哈林著@F(Su)Ni·Bu Ha Lin Zhu |
| 210 | @a北京@c人民出版社@d1983.04 | |
| 215 | @a370页@d20cm | |
| 517 | @a马克思主义社会学通俗教材@AMa Ke Si Zhu Yi She Hui Xue Tong Su Jiao Cai | |
| 606 | 0 | @a历史唯物主义 |
| 690 | @aB03@v3 | |
| 701 | 0 | @a布哈林@4著 |
| 801 | @aCN@bTSTC@c20060813 | |
| 905 | @dB03@e10@b91159@f1 | |
| 历史唯物主义理论:马克思主义社会学通俗教材/(苏)尼·布哈林著.-北京:人民出版社,1983.04 |
| 370页;20cm |
| ISBN :CNY1.20 |
| ● |
| 相关链接 |
|
|
|
|
正题名:历史唯物主义理论
索取号:B03/10
 
预约/预借
| 序号 | 登录号 | 条形码 | 馆藏地/架位号 | 状态 | 备注 |
| 1 | 0091155 | 001145754 | 第一借阅区/ [索取号:B03/10] | 在馆 | |
| 2 | 0091156 | 001145763 | 密集书库/ [索取号:B03/10] | 在馆 | |
| 3 | 0091157 | 001114234 | 密集书库/ [索取号:B03/10] | 在馆 | |
| 4 | 0091158 | 001145781 | 密集书库/ [索取号:B03/10] | 在馆 | |
| 5 | 0091159 | 001114225 | 第一样本阅览室/ [索取号:B03/10] | 在馆 | |
| 6 | 0229279 | 001802865 | 密集书库/ [索取号:B03/10] | 在馆 | |
| 7 | 0229280 | 001803338 | 密集书库/ [索取号:B03/10] | 在馆 | |
| 8 | 0229281 | 001802909 | 密集书库/ [索取号:B03/10] | 在馆 | |
| 9 | 0459059 | 204590594 | 密集书库/ [索取号:B03/10] | 在馆 | |
| 10 | 0459060 | 204590601 | 密集书库/ [索取号:B03/10] | 在馆 |